000 00319nam a22001337a 4500
008 181029b xxu||||| |||| 00| 0 eng d
020 _a9781457639401
041 _aeng
080 _a070
100 _a40
101 _aMED
245 _aPractical Strategies for technical communication
_cAndersen,R
942 _2udc
_cBK
999 _c50969
_d50969